000 00287pab a2200109 454500
008 180718b xxu||||| |||| 00| 0 eng d
100 _aSrinivasan, P
245 _aGlobal trends and Indian industry
520 _a21(10), Oct.91, p.454-74
773 _aBulletin Madras Development
909 _a2071
999 _c2071
_d2071